The book of popular science : The wonders of modern discovery; The Triumphs of inventive genius; The story of all created things and the word they live in

The book includes the content: The universe, the earth, life, plant life, animal life, man, health, power, industry, biography, household science.

Gorde:
Xehetasun bibliografikoak
Formatua: Liburua
Hizkuntza:Undetermined
Argitaratua: New York The Grolier Society Inc. 1943
Gaiak:
Etiketak: Etiketa erantsi
Etiketarik gabe, Izan zaitez lehena erregistro honi etiketa jartzen!
Thư viện lưu trữ: Trung tâm Học liệu Trường Đại học Cần Thơ
LEADER 00772nam a2200193Ia 4500
001 CTU_224754
008 210402s9999 xx 000 0 und d
082 |a 500 
082 |b B724/Vol.4 
245 4 |a The book of popular science : 
245 4 |b The wonders of modern discovery; The Triumphs of inventive genius; The story of all created things and the word they live in 
245 0 |c Edited by Dexter S. Kimball 
260 |a New York 
260 |b The Grolier Society Inc. 
260 |c 1943 
520 |a The book includes the content: The universe, the earth, life, plant life, animal life, man, health, power, industry, biography, household science. 
650 |a Khoa học,Science 
910 |b vtbtruc 
980 |a Trung tâm Học liệu Trường Đại học Cần Thơ